| Tag |
First Indicator |
Second Indicator |
Subfields |
| LEADER |
00000cas a2200000 a 4500 |
| 001 |
in00003714421 |
| 005 |
20160922151615.0 |
| 008 |
840922d19381938vtugr s0 0eng c |
| 010 |
|
|
|a sn 87028386
|
| 035 |
|
|
|a (OCoLC)ocm11184751
|
| 040 |
|
|
|a VRR
|b eng
|c VRR
|d NYS
|d NYG
|d OCL
|d NYG
|d BOS
|d OCLCQ
|d OCLCF
|d OCLCO
|d TXA
|
| 029 |
1 |
|
|a AU@
|b 000025823863
|
| 042 |
|
|
|a pcc
|
| 043 |
|
|
|a n-us-vt
|
| 050 |
1 |
4 |
|a QE171
|b .A2
|
| 092 |
|
|
|a 557
|b V527a
|
| 049 |
|
|
|a TXAM
|
| 110 |
1 |
|
|a Vermont.
|b Office of State Geologist.
|
| 245 |
1 |
0 |
|a Report of the State Geologist on the geology of Vermont.
|
| 264 |
|
1 |
|a [Place of publication not identified] :
|b [the state of Vermont],
|c [1938]
|
| 300 |
|
|
|a 1 volume :
|b illustrations ;
|c 24 cm.
|
| 310 |
|
|
|a Biennial
|
| 336 |
|
|
|a text
|b txt
|2 rdacontent
|
| 337 |
|
|
|a unmediated
|b n
|2 rdamedia
|
| 338 |
|
|
|a volume
|b nc
|2 rdacarrier
|
| 362 |
0 |
|
|a 21st (1937/1938).
|
| 650 |
|
0 |
|a Mines and mineral resources
|z Vermont
|v Periodicals.
|
| 650 |
|
0 |
|a Geology
|z Vermont
|v Periodicals.
|
| 650 |
|
7 |
|a Geology.
|2 fast
|0 (OCoLC)fst00940627
|
| 650 |
|
7 |
|a Mines and mineral resources.
|2 fast
|0 (OCoLC)fst01022541
|
| 651 |
|
7 |
|a Vermont.
|2 fast
|0 (OCoLC)fst01204305
|
| 655 |
|
7 |
|a Periodicals.
|2 fast
|0 (OCoLC)fst01411641
|
| 780 |
0 |
0 |
|a Vermont. Office of the State Geologist.
|t Report of the State Geologist on the mineral industries and geology of Vermont (1936)
|w (OCoLC)11184744
|
| 785 |
0 |
0 |
|a Vermont. Office of the State Geologist.
|t Report of the State Geologist on the mineral industries of Vermont (1940)
|w (OCoLC)15612000
|
| 850 |
|
|
|a N
|
| 994 |
|
|
|a C0
|b TXA
|
| 949 |
|
|
|a updated
|b h
|c 2016/9/22
|e coplinger
|f 3:16:03 pm
|
| 999 |
f |
f |
|s 8e2fa999-adb6-360c-8e3d-09f5422ff292
|i 5bbf2e41-13a6-3320-ac72-5bda2805f3b4
|t 0
|
| 952 |
f |
f |
|a Texas A&M University
|b J.J. Pickle Campus
|c High Density Repository
|d Remote Storage
|t 0
|e QE171 .A2
|h Library of Congress classification
|
| 998 |
f |
f |
|a QE171 .A2
|s 21st (1937/1938)
|t 0
|l Remote Storage
|